000 00511 a2200157 4500
999 _c7663
_d7663
010 _aENG-88120
020 _a8186321829
_c350.00
035 _aEN-71653
037 _bDBAD / PUB
082 1 4 _a631.3
245 1 _aRevival of Indigenous technical knowhow in agriculture /
_cedited by R.P. Singh...[et. al.]
260 _aNew Delhi
_bJain Brothers
_c2004
270 _a16/873, East Park Road, Karol Bagh
_bNew Delhi
_e110 005
300 _a270 p.
_c24 cm (Hb)
942 _adpl
_cEN
_2ddc
_h631.3
_mREV